Gminy w Powiatach na O - Statystyki

Ogólne statystyki
  • Ten quiz został rozwiązany 17 razy
  • Średni wynik to 28 z 142
Statystyki odpowiedzi
Powiaty Gminy % Poprawnych
obornicki Oborniki
88%
oławski Oława
88%
opatowski Opatów
88%
olecki Olecko
81%
oleśnicki Oleśnica
81%
olkuski Olkusz
81%
ostrowski (wielkopolskie) Ostrów Wielkopolski
81%
otwocki Otwock
81%
opoczyński Opoczno
75%
ostródzki Ostróda
75%
ostrzeszowski Ostrzeszów
75%
oświęcimski Oświęcim
75%
opolski (lubelskie) Opole Lubelskie
69%
oleskki Olesno
63%
ostrowski (mazowieckie) Ostrów Mazowiecka
63%
Olsztynek
56%
ostrowiecki Ostrowiec Świętokrzyski
56%
Jelcz-Laskowice
44%
Ożarów
38%
Syców
38%
Dobrodzień
31%
Twardogóra
31%
olsztyński Biskupiec
25%
Brok
25%
Chodel
25%
Grabów nad Prosną
25%
Józefów
25%
Międzybórz
25%
Mikstat
25%
Miłomłyn
25%
Odolanów
25%
Ozimek
25%
Praszka
25%
Stawiguda
25%
Bałtów
19%
Ćmielów
19%
Gorzów Śląski
19%
Goworowo
19%
Grunwald
19%
Józefów nad Wisłą
19%
Kadzidło
19%
Karczew
19%
Kęty
19%
Kołbiel
19%
Kowale Oleckie
19%
Kunów
19%
ostrołęcki Myszyniec
19%
Nowe Skalmierzyce
19%
Osieck
19%
Osiek
19%
Paradyż
19%
Poniatowa
19%
Prószków
19%
Rogoźno
19%
Rudniki
19%
Rzekuń
19%
Sobienie-Jeziory
19%
Sośnie
19%
Żarnów
19%
Zator
19%
Zębowice
19%
Andrzejewo
13%
Barczewo
13%
Bierutów
13%
Boguty-Pianki
13%
Brzeszcze
13%
Dobroszyce
13%
Gietrzwałd
13%
Iwaniska
13%
Karczmiska
13%
Klucze
13%
Kobyla Góra
13%
Lelis
13%
Łukta
13%
Morąg
13%
opolski (opolskie) Niemodlin
13%
Purda
13%
Radłów
13%
Ryczywół
13%
Tarłów
13%
Tarnów Opolski
13%
Turawa
13%
Wiązowna
13%
Wilków
13%
Wolbrom
13%
Baćkowice
6%
Bodzechów
6%
Bolesław
6%
Bukowno
6%
Celestynów
6%
Chrząstowice
6%
Czajków
6%
Czarnia
6%
Czerwin
6%
Dąbrowa
6%
Dobre Miasto
6%
Domaniów
6%
Doruchów
6%
Drzewica
6%
Dywity
6%
Dziadowa Kłoda
6%
Jeziorany
6%
Jonkowo
6%
Kolno
6%
Komprachcice
6%
Kraszewice
6%
Łaziska
6%
Lipnik
6%
Małdyty
6%
Małkinia Górna
6%
Miłakowo
6%
Mniszków
6%
Nur
6%
Olszewo-Borki
6%
Polanka Wielka
6%
Raszków
6%
Sieroszewice
6%
Stary Lubotyń
6%
Tułowice
6%
Wąsewo
6%
Waśniów
6%
Wieliczki
6%
Wojciechowice
6%
Zaręby Kościelne
6%
Baranowo
0%
Białaczów
0%
Chełmek
0%
Dąbrówno
0%
Dobrzeń Wielki
0%
Łubniany
0%
Łyse
0%
Murów
0%
Popielów
0%
Poświętne
0%
Przeciszów
0%
Sadowie
0%
Sławno
0%
Świątki
0%
Świętajno
0%
Szulborze Wielkie
0%
Troszyn
0%
Trzyciąż
0%
Nie znaleziono quizów pasujących do podanych kryteriów
Rozkład punktacji
Procent ludzi z każdym wynikiem
Percentyl według liczby udzielonych odpowiedzi
Twoja historia wyników
Nie rozwiązałeś tego quizu